Ananthanarayan and Paniker's textbook of microbiology / (Record no. 143338)
[ view plain ]
| 000 -LEADER | |
|---|---|
| fixed length control field | 00807nam a22002417a 4500 |
| 005 - DATE AND TIME OF LATEST TRANSACTION | |
| control field | 20170814123258.0 |
| 010 ## - LCCN (DPL NO) | |
| LC control number | ENG-119684 |
| 020 ## - INTERNATIONAL STANDARD BOOK NUMBER | |
| International Standard Book Number | 9789386235251 |
| Terms of availability | 850.00 |
| 035 ## - SYSTEM CONTROL NUMBER | |
| System control number | EN-103216 |
| 037 ## - SOURCE OF ACQUISITION | |
| Source of stock number/acquisition | DBAD/PUB |
| 082 ## - DEWEY DECIMAL CLASSIFICATION NUMBER | |
| Classification number | 576.05 |
| 100 ## - MAIN ENTRY--PERSONAL NAME | |
| Personal name | Ananthanarayan, R. |
| 245 ## - TITLE STATEMENT | |
| Title | Ananthanarayan and Paniker's textbook of microbiology / |
| Statement of responsibility, etc | by R Ananthanarayan [and] CK Jayaram Paniker ; edited by Reba Kanungo |
| 250 ## - EDITION STATEMENT | |
| Edition statement | 10th ed. |
| 260 ## - PUBLICATION, DISTRIBUTION, ETC. (IMPRINT) | |
| Place of publication, distribution, etc | Hyderabad |
| Name of publisher, distributor, etc | Universities Press |
| Date of publication, distribution, etc | 2013 |
| 270 ## - ADDRESS | |
| Address | 3-6-747/1/A and 3-6-754/1, Himayatnagar, |
| City | Hyderabad |
| Postal code | 500029 |
| 300 ## - PHYSICAL DESCRIPTION | |
| Extent | vii,716p. : |
| Dimensions | 28cm(pbk) |
| Other physical details | ill.(col.) |
| 500 ## - GENERAL NOTE | |
| General note | Includes index |
| 500 ## - GENERAL NOTE | |
| General note | With MCQ booklet of 72 pages |
| 700 ## - ADDED ENTRY--PERSONAL NAME | |
| Personal name | Paniker, CK Jayaram |
| 700 ## - ADDED ENTRY--PERSONAL NAME | |
| Personal name | Kanungo, Reba |
| 942 ## - ADDED ENTRY ELEMENTS (KOHA) | |
| Source of classification or shelving scheme | Dewey Decimal Classification |
| Item type | English Books |
| Classification part | 576.05 |
| Call number suffix | ANA |
| Withdrawn status | Lost status | Not for loan | Collection code | Home library | Current library | Date acquired | Source of acquisition | Cost, normal purchase price | Full call number | Barcode | Copy number | Cost, replacement price | Koha item type |
|---|---|---|---|---|---|---|---|---|---|---|---|---|---|
| Non-fiction | Shahdara Branch | Shahdara Branch | 14/08/2017 | DBAD/PUB | 850.00 | 576.05 ANA | EN-103216 | 1 | 850.00 | English Books |
